00878 a2200193 45000010006000000050017000060080041000230030015000640400040000790800033001192450040001520200018001922640034002103000019002445050368002630410008006311000021006397000024006604554120260407155728.0260407a1987 arg spa dAR-UNSa-BCEJYS aAR-UNSa-BCEJYSbspacAR-UNSa-BCEJYS a658.011.56xAutomatización10aSistemas de información gerencial a968-422-177-0 1aBogotá :bMcGraw-Hillc1987 a718 p.c23 cm. a1. Introducción a los sistemas de información gerencial – 2. Estudio de la tecnología de los sistemas de información – 3. Fundamentos conceptuales - 4. Sistemas de soporte basados en información – 5. Requerimientos del sistema de información – 6. Desarrollo, implementación y administración de los recursos de un sistema de información. aspa1 aDavis, Gordon B.1 aOlson, Margrethe H.